Regaining paradise : Englishness and the early garden city movement

Αποθηκεύτηκε σε:
Λεπτομέρειες βιβλιογραφικής εγγραφής
Κύριος συγγραφέας: Meacham, Standish
Μορφή: Βιβλίο
Γλώσσα:English
Δημοσίευση: New Haven : Yale University Press, c1999
Θέματα:
Ετικέτες: Προσθήκη ετικέτας
Δεν υπάρχουν, Καταχωρήστε ετικέτα πρώτοι!

MARC

LEADER 00000nam a2200000 i 4500
001 1/49835
008 070731s1999 eng d
020 |a 0-300-07572-3 (hbk.) 
035 |l 10089295 
040 |a GR-MY-UA  |b gre  |e aacr 
041 0 |a eng 
082 0 |a 307.768  |2 (22) 
100 1 |a Meacham, Standish. 
245 1 0 |a Regaining paradise :  |b Englishness and the early garden city movement /  |c Standish Meacham 
260 |a New Haven :   |b Yale University Press,   |c c1999 
300 |a viii, 210 σ.;  |b εικ.;  |c 25 εκ. 
504 |a Βιβλιογραφία: σ. 185-203 
504 |a Περιέχει ευρετήριο 
650 0 0 |a Garden cities  |z England  |x History. 
650 0 0 |a Planned communities  |z England. 
650 0 0 |a National characteristics, English. 
852 |a INST  |b LESVOS  |e 20070731  |h 307.768 MEA  |p 005100039299  |q 005100039299  |t BK  |y 0 
901 |a BIBL1-2007-2 
909 |a Λ  |b 137422 
922 |a 1ΕΛΗ  |b 200707  |c ΕΠΕΑΕΚ2/ΤΚΑ  |d ΕΛΕΥΘΕΡΟΥΔΑΚΗΣ 
970 |a ΒΑΡΚΑ  |b ΕΛΕΥΘΕΡΙΑ  |z 2007/07/31